000 00208nam a2200085Ia 4500
008 230915s9999 xx 000 0 und d
050 _aS535 .F68 2005 V.1
245 0 _aFOUNDATION AGRICULTURE BK 1
942 _cBK
999 _c201520
_d201520